| 000 | 00546nam a2200193 i 4500 | ||
|---|---|---|---|
| 001 | bg | ||
| 100 | 1 | _aLEVIN, Harold L. | |
| 245 | 0 |
_aThe Earth Through Time / _cHarold L. Levin. |
|
| 250 |
_aEdition fourth _a4th ed. |
||
| 260 |
_aFort Worth [et al.] : _bSaunders College Publ., _c1991. |
||
| 300 |
_aXV, 651, A23, G25, I16 s. : _bfot., mapy, rys. ; _c26 cm. |
||
| 020 | _a0030536898 | ||
| 040 | _cBPK | ||
| 041 | _apol | ||
| 080 | _a551.7:552:56:523 | ||
| 920 | _a0-03-053689-8 | ||
| 942 | _cKS | ||
| 008 | s pl f |000 0 pol | ||
| 999 |
_c29792 _d29792 |
||
| 856 |
_uhttp://koha.tu.koszalin.pl/cgi-bin/koha/opac-detail.pl?biblionumber=29792 _yKatalog online BPK |
||